Na údajoch založený cenový controlling
Analýza reálneho rozsahu využívaných údajov v rámci kompetentného rozhodovania v riadení cien a jeho personálneho zabezpečenia v súčasnej koncepcii štvrtej priemyselnej revolúcie. Sledovanie dátového zabezpečenia rozhodovania v poslednej fáze manažmentu cien - cenového controllingu na vzorke 250 slo...
Enregistré dans:
| Auteur principal: | |
|---|---|
| Format: | Chapitre de livre |
| Langue: | slovaque |
| Sujets: | |
| Tags: |
Pas de tags, Soyez le premier à ajouter un tag!
|
MARC
| LEADER | 00000naa$a2200000$$$4500 | ||
|---|---|---|---|
| 001 | 0282381 | ||
| 005 | 20240502083908.4 | ||
| 041 | 0 | |a slo | |
| 044 | |a CZ | ||
| 245 | 1 | 0 | |a Na údajoch založený cenový controlling |c Katarína Remeňová |
| 520 | |a Analýza reálneho rozsahu využívaných údajov v rámci kompetentného rozhodovania v riadení cien a jeho personálneho zabezpečenia v súčasnej koncepcii štvrtej priemyselnej revolúcie. Sledovanie dátového zabezpečenia rozhodovania v poslednej fáze manažmentu cien - cenového controllingu na vzorke 250 slovenských podnikov. | ||
| 610 | 2 | 0 | |a priemysel 4.0 |
| 610 | 2 | 0 | |a kontroling finančný |
| 610 | 2 | 0 | |a rozhodovanie |
| 610 | 2 | 0 | |a podnik |
| 610 | 2 | 0 | |a dáta |
| 610 | 2 | 0 | |a Slovensko |
| 100 | 1 | |a Remeňová, Katarína, 1982- | |